000 00968nam a2200301 i 4500
001 000011835
003 DO-SdBPM
005 20260424135827.0
007 ta
008 091028s2023 dr a 000 f spa d
040 _aDO-SdBPM
_bspa
_cBPMSU
_erda
082 0 4 _aRD863.44
_bC322e 2023
_222
100 1 _aCartagena Portalatín, Aída,
_d1918-1994
_eautora
_4aut.
245 1 0 _aEscalera para Electra /
_cAída Cartagena Portalatín.
264 _aSanto Domingo :
_bEditora Nacional,
_c2023
300 _a180 p.áginas :
_bilustraciones ;
_c20 cm.
336 _2rdacontent
_atexto
_btxt
337 _2rdamedia
_asin mediación
_bn
338 _2rdacarrier
_avolumen
_bnc
490 0 _aBiblioteca Dominicana Básica,
_v28
590 _aInventariado, 2026/VM
650 7 _aNovela dominicana
650 7 _aLiteratura dominicana.
650 z _aDominican fictions
650 z _aDominican literature
910 _aVMateo V. Control de calidad BPMSU
942 _2ddc
_cBK
999 _c15791
_d15791